<?xml version="1.0" encoding="UTF-8"?>
<record
    xmlns:xsi="http://www.w3.org/2001/XMLSchema-instance"
    xsi:schemaLocation="http://www.loc.gov/MARC21/slim http://www.loc.gov/standards/marcxml/schema/MARC21slim.xsd"
    xmlns="http://www.loc.gov/MARC21/slim">

  <leader>02076nam a2200277Ia 4500</leader>
  <controlfield tag="003">3228</controlfield>
  <controlfield tag="005">20250701093810.0</controlfield>
  <controlfield tag="008">210817s9999    xx            000 0 und d</controlfield>
  <datafield tag="020" ind1=" " ind2=" ">
    <subfield code="a">9780796 921949</subfield>
    <subfield code="q">Paperback</subfield>
  </datafield>
  <datafield tag="040" ind1=" " ind2=" ">
    <subfield code="a">RDA</subfield>
    <subfield code="b">ENGLISH</subfield>
    <subfield code="c">3228</subfield>
  </datafield>
  <datafield tag="082" ind1=" " ind2=" ">
    <subfield code="a">362.1969782 EXPL</subfield>
  </datafield>
  <datafield tag="100" ind1=" " ind2=" ">
    <subfield code="a">  Prince, Bridgette</subfield>
    <subfield code="9">35399</subfield>
  </datafield>
  <datafield tag="245" ind1=" " ind2="0">
    <subfield code="a">Exploring the challenges of HIV/AIDS</subfield>
    <subfield code="b">seminar proceedings from the SAHARA sessions at the International Aids Conference, Toronto, 2006</subfield>
    <subfield code="c">editors. Bridgette Prince [and others].</subfield>
  </datafield>
  <datafield tag="260" ind1=" " ind2=" ">
    <subfield code="a">Cape Town : HSRC Press ; [Chicago, Ill.] :</subfield>
    <subfield code="b">Distributed in North America by Independent Publishers Group, </subfield>
    <subfield code="c">2007.</subfield>
  </datafield>
  <datafield tag="300" ind1=" " ind2=" ">
    <subfield code="a">xii, 67 pages </subfield>
    <subfield code="b">Colour illustrations:</subfield>
    <subfield code="c"> 22 cm</subfield>
  </datafield>
  <datafield tag="504" ind1=" " ind2=" ">
    <subfield code="a">Includes bibliographical references (pages 62-67).</subfield>
  </datafield>
  <datafield tag="520" ind1=" " ind2=" ">
    <subfield code="a">This book contains the presentations and discussions delivered with partners by the Social Aspects of HIV/AIDS Research Alliance (SAHARA) Network of the HSRC at the two satellite sessions of the 16th International AIDS Conference, held in Toronto, Canada. Both sessions engaged with the urgent theme of the conference: 'Time to deliver'. The first section of the book, entitled 'Managing the complexity of the HIV/AIDS challenge in sub-Saharan Africa' includes a selection of presentations on current trends, studies and focuses within the fight against the pandemic in sub-Saharan Africa.</subfield>
  </datafield>
  <datafield tag="521" ind1=" " ind2=" ">
    <subfield code="a">Adult</subfield>
  </datafield>
  <datafield tag="651" ind1=" " ind2=" ">
    <subfield code="a">South Africa</subfield>
  </datafield>
  <datafield tag="654" ind1=" " ind2=" ">
    <subfield code="2">Social Aspects of HIV/AIDS Research Alliance  Women  Medical policy  AIDS (Disease)  AIDS (Disease) in women  HIV infections  Africa  Conference papers and proceedings</subfield>
  </datafield>
  <datafield tag="655" ind1=" " ind2=" ">
    <subfield code="a">Congress  proceedings (reports)  Conference papers and proceedings  Conference papers and proceedings.  Actes de congr&#xE8;s.  Congresses.  Congr&#xE8;s.</subfield>
    <subfield code="9">194629</subfield>
  </datafield>
  <datafield tag="690" ind1=" " ind2=" ">
    <subfield code="2">164776911</subfield>
  </datafield>
  <datafield tag="700" ind1=" " ind2=" ">
    <subfield code="a">Julia Louw, Lisa Compton, Simon van Gend, Jenny Young, comPress, Creda Communications, Blue Weaver, Eurospan Distribution Services (EDS) Independent Publishers Group (IPG)</subfield>
    <subfield code="9">194628</subfield>
  </datafield>
  <datafield tag="710" ind1=" " ind2=" ">
    <subfield code="a">Human Sciences Research Council</subfield>
    <subfield code="9">181493</subfield>
  </datafield>
  <datafield tag="942" ind1=" " ind2=" ">
    <subfield code="c">BOOK</subfield>
    <subfield code="2">ddc</subfield>
    <subfield code="y">12663</subfield>
    <subfield code="z">Priscilla Nozizwe Mogale</subfield>
  </datafield>
  <datafield tag="999" ind1=" " ind2=" ">
    <subfield code="c">128455</subfield>
    <subfield code="d">128454</subfield>
  </datafield>
  <datafield tag="952" ind1=" " ind2=" ">
    <subfield code="0">0</subfield>
    <subfield code="1">0</subfield>
    <subfield code="4">0</subfield>
    <subfield code="7">0</subfield>
    <subfield code="a">SIYABL</subfield>
    <subfield code="b">SIYABL</subfield>
    <subfield code="d">2021-08-17</subfield>
    <subfield code="g">117.00</subfield>
    <subfield code="l">0</subfield>
    <subfield code="p">33228012611339</subfield>
    <subfield code="r">2021-08-17</subfield>
    <subfield code="w">2021-08-17</subfield>
    <subfield code="y">BK</subfield>
  </datafield>
  <datafield tag="952" ind1=" " ind2=" ">
    <subfield code="0">0</subfield>
    <subfield code="1">0</subfield>
    <subfield code="2">ddc</subfield>
    <subfield code="4">0</subfield>
    <subfield code="7">0</subfield>
    <subfield code="8">300</subfield>
    <subfield code="a">MKHUL</subfield>
    <subfield code="b">MKHUL</subfield>
    <subfield code="c">Non_Fiction</subfield>
    <subfield code="d">2025-07-01</subfield>
    <subfield code="l">0</subfield>
    <subfield code="o">362.1969782 EXPL</subfield>
    <subfield code="p">33228 02287997 5</subfield>
    <subfield code="r">2025-07-01</subfield>
    <subfield code="w">2025-07-01</subfield>
    <subfield code="y">BOOK</subfield>
  </datafield>
</record>
